000
00337nam a2200145Ia 4500
005
20250311082740.0
008
240331s9999 xx 000 0 und d
082
_b
BAL
_a
894
100
_a
Balakrishnan, M
245
0
_a
Iru veru ehu pookal
260
_a
Colombo
_b
Shanthi book Depot
300
_a
32 p .,
650
_a
Poems
942
_c
L
999
_c
3818
_d
3818